00817nam a22002417a 450000500170000001000110001702000100002803500110003803700160004904000120006508200160007710000280009324500740012126000340019527000330022930000260026250000200028865000580030865000390036694200250040599900190043095201260044920170124110232.0 a757532 c00.00 a757532 bCen Lib/Ret aDPLbEN a016.32bCHA aChanchreek, K.L.928147 aJagjivanram : a select bibliographycby K. L. Chanchreekb1908-1975 / aNew DelhibS.Chand & Coc1975 bNew DelhiaRam Nagare110055 aviii,186p. c21cm(Hb) aIncludes index  aRam, Jagjivan, -- 1908-1986 -- Bibliographyy 941427 aRam, Jagjivan, -- 1908-1986941428 2ddccENh016.32mCHA c134691d134691 001040718REFaLbLd2015-07-31eCen Lib/Retg0.00l0o016.32 CHAp757532r2015-07-31 00:00:00t1v0.00w2015-07-31yEN